书目信息 |
| 题名: |
续补藏书纪事诗
|
|
| 作者: | 王謇 著 ;李希泌 点注 | |
| 分册: | ||
| 出版信息: | 北京 书目文献出版社 1987 |
|
| 页数: | 81页 | |
| 开本: | 19cm | |
| 丛书名: | ||
| 单 册: | ||
| 中图分类: | Z842 | |
| 科图分类: | ||
| 主题词: | 藏书家-图书馆事业--简介--中国--现代 , 七言绝句--中国--现代--选集 , 图书馆事业-藏书家--简介--中国--现代 , 私人藏书--图书目录 | |
| 电子资源: | ||
| ISBN: | ||
| 000 | 00814nam0 2200277 45 | |
| 001 | 0187015916 | |
| 005 | 20060105154625.65 | |
| 010 | @dCNY0.60 | |
| 091 | @a10201.104 | |
| 100 | @a19951121d1987 em y0chiy0121 ea | |
| 101 | 0 | @achi |
| 102 | @aCN@b110000 | |
| 105 | @ay z 000yy | |
| 200 | 10 | @a续补藏书纪事诗@Axu bu cang shu ji shi shi@f王謇著@Fwang jian zhu@g李希泌点注 |
| 210 | @a北京@c书目文献出版社@d1987 | |
| 215 | @a81页@d19cm | |
| 606 | @a藏书家-图书馆事业@x简介@y中国@z现代 | |
| 606 | @a七言绝句@y中国@z现代@x选集 | |
| 606 | @a图书馆事业-藏书家@x简介@y中国@z现代 | |
| 606 | 0 | @a私人藏书@x图书目录 |
| 690 | @aZ842 | |
| 701 | 0 | @a王謇@4著@Awang jian |
| 702 | 0 | @a李希泌@Ali xi mi@4点注 |
| 801 | 2 | @aCN@bNLC@c20060105 |
| 801 | 0 | @aCN@b深圳图书馆@c20040512 |
| 905 | @f2@b171303-304@dZ842@e3 | |
| 续补藏书纪事诗/王謇著/李希泌点注.-北京:书目文献出版社,1987 |
| 81页;19cm |
| ISBN :CNY0.60 |
| ● |
| 相关链接 |
|
|
|
|
正题名:续补藏书纪事诗
索取号:Z842/3
 
预约/预借
| 序号 | 登录号 | 条形码 | 馆藏地/架位号 | 状态 | 备注 |
| 1 | 0171301 | 202185839 | 密集书库/ [索取号:Z842/3] | 在馆 | |
| 2 | 0171302 | 202185875 | 密集书库/ [索取号:Z842/3] | 在馆 | |
| 3 | 0171303 | 001557372 | 第三借阅区/ [索取号:Z842/3] | 在馆 | |
| 4 | 0171304 | 001557434 | 第三借阅区/ [索取号:Z842/3] | 在馆 | |
| 5 | 0171305 | 001557443 | 第二样本阅览室/ [索取号:Z842/3] | 在馆 |